| 000 | 00572cab a2200193 4500 | ||
|---|---|---|---|
| 001 | WB2549-01 | ||
| 008 | 090401t1989 xxu||||| |||| 00| 0 eng d | ||
| 035 | _a(Sirsi) u23496 | ||
| 041 | _aeng | ||
| 245 | _aFish farming enquiry | ||
| 260 | _c1989 | ||
| 350 | _a0 | ||
| 490 |
_aScotsman _v11/12/89 p1 |
||
| 520 | _aThe European Commission is to investigate the role of the Crown Estate in controlling the environmental impact of fish farming in Scotland . | ||
| 650 | _aMARINE CONSERVATION SOCIETY | ||
| 690 | _aRURAL PRACTICE | ||
| 942 | _n0 | ||
| 948 | _c04/03/1997 | ||
| 999 |
_c15702 _d15702 |
||